|
|
|
|
| LEADER |
00000nam a2200000Ii 4500 |
| 001 |
DIGAUHUM0078 |
| 003 |
NyNyDIG |
| 006 |
m o d |
| 007 |
cr ||||||||||| |
| 008 |
260205s2025 ck ob 000 0 spa d |
| 035 |
|
|
|a (OCoLC)1573181984
|
| 040 |
|
|
|a DGITA
|b eng
|e rda
|e pn
|c DGITA
|
| 020 |
|
|
|a 9786287777552
|q (versión digital)
|
| 020 |
|
|
|z 9786287777545
|q (versión impresa)
|
| 050 |
1 |
4 |
|a BF109.L28 ebook
|
| 245 |
0 |
0 |
|a Clínica del rechazo del inconsciente :
|b psicosis y autismo /
|c Lizbeth Ahumada Yanet (ed.), Miquel Bassols [and 10 others]
|
| 250 |
|
|
|a Primera edición.
|
| 264 |
|
1 |
|a Bogotá, Colombia :
|b Editorial Aula de Humanidades,
|c 2025.
|
| 300 |
|
|
|a 1 online resource.
|
| 336 |
|
|
|a text
|b txt
|2 rdacontent
|
| 337 |
|
|
|a computer
|b c
|2 rdamedia
|
| 338 |
|
|
|a online resource
|b cr
|2 rdacarrier
|
| 347 |
|
|
|a text file
|2 rdaft
|
| 347 |
|
|
|b PDF
|
| 490 |
1 |
|
|a Colección: General
|
| 504 |
|
|
|a Includes bibliographical references.
|
| 588 |
0 |
|
|a Online resource; title from PDF title page (Digitalia, viewed February 5, 2026)
|
| 600 |
1 |
0 |
|a Lacan, Jacques,
|d 1901-1981
|x Criticism and interpretation.
|
| 650 |
|
0 |
|a Psychoanalysis and philosophy.
|
| 650 |
|
0 |
|a Autism.
|
| 700 |
1 |
|
|a Ahumada Yanet, Lizbeth,
|e editor,
|e author.
|
| 700 |
1 |
|
|a Bassols Puig, Miquel,
|d 1958-
|e author.
|
| 791 |
2 |
|
|a Digitalia (Firm),
|e distributor.
|
| 793 |
0 |
|
|g Digitalia eBook Collection:
|a Editorial Aula de Humanidades
|
| 776 |
0 |
8 |
|i Print version:
|t Clínica del rechazo del inconsciente.
|b Primera edición.
|d Bogotá, Colombia : Editorial Aula de Humanidades, 2025
|z 9786287777545
|
| 830 |
|
0 |
|a Colección General (Editorial Aula de Humanidades)
|
| 856 |
4 |
0 |
|3 Digitalia Hispánica
|u https://www.digitaliapublishing.com/a/180438/
|
| 910 |
|
|
|a Premium collection: 2026
|